000 00994nam a2200289 a 4500
008
020 _a0869232967 (pbk.)
049 _aMAIN
090 0 _aQK402 DRU
100 1 _aDrummond, Robert B.
245 1 0 _aCommon trees of the central watershed woodlands of Zimbabwe /
_cRobert B. Drummond ; illustrated by Olive Anderson.
260 _aSalisbury :
_bNatural Resource Board,
_c1981.
300 _a256 p. :
_bill. ;
_c21 cm.
504 _aIncludes bibliographical references.
500 _aIncludes indexes.
650 0 _aTrees
_zZimbabwe
_xIdentification.
650 0 _aTrees
_zZimbabwe
_xNomenclature (Poplar).
700 1 _aAnderson, Olive.
710 1 _aZimbabwe.
_bNatural Resources Board.
710 1 _aZimbabwe.
_bDept. of Natural Resources.
740 0 _aCentral watershed woodlands of Zimbabwe.
907 _a.b10141510
_b13-07-06
_c02-12-04
003
005 20230120193557.0
040 _cNUST
942 _cBOOKS
_kQK402 DRU
999 _c101579
_d101579